000 00643cam a22002171 4500
001 f 01003484
003 DLC
005 20260227111246.0
008 761007s1891 fr a 000 0 fre
010 _af 01003484
035 _a(OCoLC)2486748
040 _aDLC
_cDCU
_dDLC
042 _apremarc
050 0 0 _aNA440
_b.C8
100 1 _aCorroyer, Édouard Jules,
_d1837?-1904.
245 1 2 _aL'architecture gothique,
_cpar Édouard Corroyer.
260 _aParis,
_bLibrairies-impr. réunies
_c[1891]
300 _a382 p., 1 l.
_billus.
_c21 cm.
490 0 _aBibliothèque de l'enseignement des beaux-arts
650 0 _aArchitecture, Gothic.
999 _c23101
_d23101